000 01377cam a2200241 4500
001 ABS66704
008 030523n2003 000 0 eng u
035 _a(Sirsi) u122381
100 _aFidderman, H.
245 _aHow to stay healthy with DSE
260 _c2003
490 _aHealth and Safety Bulletin
_v(318) May 2003, 9-16(8)
520 _aReviews the HSE's revised advice on working with display screen equipment. "Work with display screen equipment : guidance on regulations" (L26) reflects the amendments to the Health and Safety (Display Screen Equipment) Regulations 1992 (DSE) published in 2002, the Health and Safety (Miscellaneous Amendments) Regulations 2002. L26 includes the developments in technology, knowledge and risk avoidance since 1992. Looks at the main health risks, who is affected, workstation analysis, minimum requirements, daily work routine, eyesight considerations and training. Tables. Copies of L26 (ISBN 0717625826) are available from HSE Books t +44 (0)1787 881165.
590 _aABS
650 _aHEALTH AND SAFETY (DISPLAY SCREEN EQUIPMENT) REGULATIONS 1992
650 _aHEALTH AND SAFETY (MISCELLANEOUS AMENDMENTS) REGULATIONS 2002
650 _aHEALTH AND SAFETY EXECUTIVE
650 _aRISK AVOIDANCE
650 _aDISPLAY SCREEN EQUIPMENT
650 _aWORKSTATIONS
690 _aHealth and safety
_96244
942 _n0
999 _c72738
_d72738